Income mobility in Costa rica, 2001-2007 /

Guardat en:
Dades bibliogràfiques
Autor principal: Rowe, Samuel
Altres autors: Gindling, Thomas H., Trejos, Juan Diego
Format: Text
Etiquetes: Afegir etiqueta
Sense etiquetes, Sigues el primer a etiquetar aquest registre!

MARC

LEADER 00000 a a2200000 04500
001 47430
003
040
100 |a Rowe, Samuel  
245 |a Income mobility in Costa rica, 2001-2007 /  |c Samuel Rowe, Thomas H. Gindling, Juan Diego Trejos  
700 |a Gindling, Thomas H.  
700 |a Trejos, Juan Diego  
773 |g volumen32, número1, (2014), páginas 9-23 : tablas  
999 |c 21744  |d 21744